000 00520nam a2200193Ia 4500
005 20250508150707.0
008 008 250505s9999 xx 000 0 eng d
037 _aTextual
040 _aFEDL
_beng
_cFEDL
041 _aeng
_2eng
084 _a373, BEN
_qFEDL
100 _aBent Rudyard K
245 0 _aPrinciples of secondary education
250 _a2nd
260 _aNew York, USA
_bMcGraw-Hill Book Company
_c1949
300 _axvi,619p.
942 _cTEXL
_h373, BEN
999 _c1325092
_d1325092